Quick, Quack, quick / (Record no. 4595)

MARC details
000 -LEADER
fixed length control field 01036cam a2200349 a 4500
001 - CONTROL NUMBER
control field 4595
003 - CONTROL NUMBER IDENTIFIER
control field FISKH
005 - DATE AND TIME OF LATEST TRANSACTION
control field 20240917145121.0
008 - FIXED-LENGTH DATA ELEMENTS--GENERAL INFORMATION
fixed length control field 940916s1996 nyua j 000 1 eng
010 ## - LIBRARY OF CONGRESS CONTROL NUMBER
LC control number 94038054
020 ## - INTERNATIONAL STANDARD BOOK NUMBER
International Standard Book Number 0679972439 (GLB) :
020 ## - INTERNATIONAL STANDARD BOOK NUMBER
International Standard Book Number 0679872434 (trade) :
020 ## - INTERNATIONAL STANDARD BOOK NUMBER
International Standard Book Number 9780679872436
040 ## - CATALOGING SOURCE
Original cataloging agency DLC
Transcribing agency DLC
Modifying agency DLC
Language of cataloging eng
050 ## - LIBRARY OF CONGRESS CALL NUMBER
Classification number PZ7.A7363
082 ## - DEWEY DECIMAL CLASSIFICATION NUMBER
Classification number 813.54
100 1# - MAIN ENTRY--PERSONAL NAME
Personal name Arnold, Marsha Diane.
245 10 - TITLE STATEMENT
Title Quick, Quack, quick /
Statement of responsibility, etc. by Marsha Arnold ; illustrated by Lisa McCue.
260 ## - PUBLICATION, DISTRIBUTION, ETC.
Place of publication, distribution, etc. New York :
Name of publisher, distributor, etc. Random House,
Date of publication, distribution, etc. 1996.
300 ## - PHYSICAL DESCRIPTION
Extent 32 pages :
Other physical details color illustrations ;
Dimensions 23 cm
440 #0 - SERIES STATEMENT/ADDED ENTRY--TITLE
Title Step into reading.
Number of part/section of a work Step 1 book
505 ## - FORMATTED CONTENTS NOTE
Formatted contents note F<br/>
520 ## - SUMMARY, ETC.
Summary, etc. A very slow duckling saves his family during a crisis.
521 8# - TARGET AUDIENCE NOTE
Target audience note 350<br/>
Source Lexile<br/>
521 8# - TARGET AUDIENCE NOTE
Target audience note F<br/>
Source Raz-Plus<br/><br/>
650 #1 - SUBJECT ADDED ENTRY--TOPICAL TERM
Topical term or geographic name entry element Ducks
General subdivision Fiction.
650 #1 - SUBJECT ADDED ENTRY--TOPICAL TERM
Topical term or geographic name entry element Speed
General subdivision Fiction.
700 1# - ADDED ENTRY--PERSONAL NAME
Personal name McCue, Lisa,
Relator term illustrator
906 ## - LOCAL DATA ELEMENT F, LDF (RLIN)
a 7
b cbc
c orignew
d 1
e ocip
f 19
g y-gencatlg
942 ## - ADDED ENTRY ELEMENTS (KOHA)
Source of classification or shelving scheme Dewey Decimal Classification
Koha item type Books
Suppress in OPAC No
Holdings
Withdrawn status Lost status Source of classification or shelving scheme Damaged status Not for loan Collection Home library Current library Shelving location Date acquired Total Checkouts Full call number Barcode Date last seen Date last checked out Price effective from Koha item type
    Dewey Decimal Classification     Juvenile Fiction Footprints International School Library Network Toul Kork Campus Footprints International School Library Network Toul Kork Campus TK Primary Library Room(4th Floor), Bookcase 7, Shelves 57-60, Dark Green Books 09/17/2024 1 ARN 813.54 PZ7.A7363 2024-1992 12/11/2024 12/04/2024 09/17/2024 Books